| 000 | 00615nam a2200193 i 4500 | ||
|---|---|---|---|
| 001 | 49052 | ||
| 003 | ES-MaACL | ||
| 005 | 20230906161856.0 | ||
| 007 | t| | ||
| 008 | 030707m19271930sp ||||1| spa d | ||
| 100 | 1 |
_aCorral y Maestro, León de. _940732 |
|
| 245 | 1 | 0 |
_aElementos de patología general / _cpor L. de Corral y J. Mª de Corral. |
| 250 | _a5ª ed notablemente aum. | ||
| 260 |
_aValladolid : _bAndrés Martín Sánchez, _c1927-1930. |
||
| 300 |
_a2 v. ; _c23 cm. |
||
| 650 | 0 | 4 |
_aPatología. _915884 |
| 700 | 1 |
_aCorral, José María de ( _d1889-1971) _940715 |
|
| 852 |
_aES-MaACL _jE-581-82 _bR.18055 |
||
| 999 |
_c49052 _d49052 |
||